| 000 | 00553nam a2200193Ia 4500 | ||
|---|---|---|---|
| 008 | 131103s9999 xx 000 0 und d | ||
| 020 |
_a81 223 0273 4 _cRs.120.00 |
||
| 040 | _aLoreto College | ||
| 041 | _aEnglish | ||
| 082 |
_a920/KOT _bLCBED/13165 |
||
| 100 | _aKothari, Ajay Kumar | ||
| 245 |
_aOver 300 great lives _cAjay Kumar Kothari & Vishwa Mithra Sharma |
||
| 260 |
_aDelhi _bPustak Mahal _c1999 |
||
| 300 |
_axi,344p. _b ill. _c 22cm. |
||
| 650 | _aBiography | ||
| 700 | _aSharma, Vishwa Mithra | ||
| 850 | _aLCBED/920/KOT | ||
| 942 | _cBK | ||
| 999 |
_c30717 _d81196 |
||